| 000 | 00775nam a2200217Ia 4500 | ||
|---|---|---|---|
| 003 | BUBTL | ||
| 008 | 151213s9999 xx 000 0 und d | ||
| 020 | _a9843237544 | ||
| 082 | _a346.004/ Ud2e/ 2006 | ||
| 100 |
_aউদ্দীন, এন,এ, এম, জসিম _95249 |
||
| 245 |
_aইকুইটি ও ট্রাস্ট আইন : _cএন, এ, এম, জসিম উদ্দীন |
||
| 250 | _a1st edn. | ||
| 260 |
_aDhaka _bসেন্ট্রাল ’ল’ বুক হাউজ _cc2006 |
||
| 300 |
_a 591p. : _b21 cm |
||
| 500 | _aIncludes Index. | ||
| 650 | _aLaw | ||
| 700 |
_aএন, এ, এম, জসিম উদ্দীন _95250 |
||
| 856 |
_k0 _l0 _yDownload |
||
| 942 |
_2ddc _cBK |
||
| 999 |
_c3163 _d3163 |
||